| 000 | 01274cam a22003011i 4500 | ||
|---|---|---|---|
| 003 | SA-RiAUC | ||
| 005 | 20250923054800.0 | ||
| 008 | 250728s1989 le g b 001 0 ara c | ||
| 040 |
_aSA-JeALM _bara _cSA-RiAUC. _erda |
||
| 043 | _aa-ye--- | ||
| 082 | 0 | 4 |
_a257.09532 _qSA-RiAUC |
| 090 |
_a257.09532 _bش ج ا |
||
| 100 | 1 |
_aالشجاع، عبد الرحمن عبد الواحد، _d1946-2021 _eمؤلف. |
|
| 245 | 1 | 2 |
_aالنظم الإسلامية في اليمن : _bميلادا ونشأة / _cعبد الرحمن عبد الواحد الشجاع. |
| 250 | _aالطبعة الأولى. | ||
| 264 | 1 |
_aبيروت ؛ _aدمشق : _bدار الفكر المعاصر، _bدار الفكر. _c1989. |
|
| 300 |
_a160 صفحة ؛ _c24 سم. |
||
| 336 |
_aنص _btxt _2rdacontent _3كتاب |
||
| 337 |
_aبدون وسيط _bn _2rdamedia |
||
| 338 |
_aمجلد _bnc _2rdacarrier |
||
| 490 | 0 | _aأضواء من الحضارة الإسلامية | |
| 504 | _aببليوجرافية : صفحة 127-135. | ||
| 650 | 7 |
_aالنظم الإسلامية _zاليمن _2aucsh |
|
| 650 | 7 |
_aالحضارة الإسلامية _zاليمن _2aucsh |
|
| 650 | 7 |
_aالأحكام السلطانية _zاليمن _2aucsh |
|
| 942 |
_2ddc _cBOOK _n0 |
||
| 949 |
_aSA-JeALM _d250728 _uosman123 _n1 |
||
| 999 |
_c12047 _d12047 |
||